Hướng dẫn thực hiện thuế giá trị gia tăng, thuế thu nhập doanh nghiệp, thuế tiêu thụ đặc biệt và chế độ hoá đơn chứng từ /

Hướng dẫn thực hiện thuế giá trị gia tăng; Hướng dẫn thực hiện thuế tiêu thụ đặc biệt; Hướng dẫn thực hiện thuế thu nhập doanh nghiệp; Hướng dẫn thực hiện cơ chế tự kê khai, tự nộp thuế; Quy định mới về sử dụng và quản lý hoá đơn; Hướng dẫn sử dụng hoá đơn chứng từ; Thuế quan - thương mại và chính s...

Popoln opis

Shranjeno v:
Bibliografske podrobnosti
Drugi avtorji: Thái Nghĩa (sưu tầm và hệ thống hoá.)
Format: Knjiga
Jezik:Vietnamese
Izdano: Tp.HCM : Thống kê, 2004.
Teme:
Oznake: Označite
Brez oznak, prvi označite!
Thư viện lưu trữ: Mạng thư viện Đại học Đà Nẵng
LEADER 02107cam a2200385 a 4500
001 000043982
003 2130
005 20060425094707.0
008 010217b2004 vm 000 vie
020 |c 205000 
040 |a LRC  |c LRC  |d LRC 
041 0 |a vie 
082 1 4 |a 657.6  |b Hư-D 
245 0 0 |a Hướng dẫn thực hiện thuế giá trị gia tăng, thuế thu nhập doanh nghiệp, thuế tiêu thụ đặc biệt và chế độ hoá đơn chứng từ /  |c Thái Nghĩa sưu tầm và hệ thống hoá. 
246 3 4 |a Hướng dẫn thực hiện thuế giá trị gia tăng, thuế thu nhập doanh nghiệp, thuế tiêu thụ đặc biệt và chế độ hoá đơn chứng từ thực hiện từ 01-01-2004. 
260 |a Tp.HCM :  |b Thống kê,  |c 2004. 
300 |a 646 tr. ;  |c 28 cm. 
520 3 |a Hướng dẫn thực hiện thuế giá trị gia tăng; Hướng dẫn thực hiện thuế tiêu thụ đặc biệt; Hướng dẫn thực hiện thuế thu nhập doanh nghiệp; Hướng dẫn thực hiện cơ chế tự kê khai, tự nộp thuế; Quy định mới về sử dụng và quản lý hoá đơn; Hướng dẫn sử dụng hoá đơn chứng từ; Thuế quan - thương mại và chính sách ưu đãi đầu tư; Hệ thống các văn bản luật mới nhất. 
630 0 4 |a Luật pháp. 
650 0 4 |a Thuế giá trị gia tăng  |x Pháp luật  |z Việt Nam. 
650 0 4 |a Thuế thu nhập  |x Pháp luật  |z Việt Nam. 
650 0 4 |a Thuế tiêu thụ đặc biệt  |x Pháp luật  |z Việt Nam. 
700 1 |a Thái Nghĩa,  |e sưu tầm và hệ thống hoá. 
OWN |a DUT 
AVA |a UDN50  |b DUT  |c Book  |d 657.6 Hư-D  |e available  |t Error 5001 Not defined in file expand_doc_bib_avail.  |f 3  |g 0  |h N  |i 0  |j SH  |k 1 
999 |a From the UDN01 
AVA |a UDN50  |b DUT  |c Book  |d 657.6 Hư-D  |e available  |t Error 5001 Not defined in file expand_doc_bib_avail.  |f 3  |g 0  |h N  |i 0  |j SH  |k 1 
TYP |a Monograph 
TYP |a Printed language 
980 |a Mạng thư viện Đại học Đà Nẵng